000 00414nam a2200145Ia 4500
008 230917s9999||||xx |||||||||||||| ||und||
040 _e80707
_aMAIN
041 _aEnglish
082 _a346.086 S34C
100 _aSrinivasan, M N
245 0 _aCase books of insurance law: cases between 1850 and 1950 :life-fire-marine-motor and accident
260 _aBanglore
_bRamanuja
_c1989
300 _a151 p.
942 _cBK
999 _c65834
_d65834